000 00459nam a2200181Ia 4500
008 240729s9999 xx 000 0 und d
022 _a2590-2075
245 0 _aBiofilm
260 _aNetherlands
260 _bElsevier
650 _a Biotechnology | Science
650 _a Chemical technology
650 _a Microbiology
650 _aTechnology
856 _uhttps://doaj.org/toc/8f229dc9eb2c4013911587bca2b77536
942 _2ddc
942 _cDOAJEJ
999 _c70376
_d70376
945 _a1
_bMadushi Gamage
_c1
_dMadushi Gamage